|
|
|
|
| LEADER |
00624cam a2200157 7i4500 |
| 001 |
0000024992 |
| 005 |
20100819090000.0 |
| 090 |
0 |
0 |
|a CD 330
|b SMA (M)
|
| 110 |
2 |
0 |
|a SME Corporation Malaysia (SME CORP)
|
| 245 |
2 |
0 |
|a Journey of successful SMEs =
|l meniti kejayaan Perusanhaan Kecil & Sederhana.
|
| 260 |
0 |
0 |
|a Kuala Lumpur:
|b SME Corp,
|c 2010.
|
| 300 |
# |
# |
|a Electronic computer optical disc (CD-ROM).
|
| 650 |
0 |
0 |
|a Small and Medium - Sized Enterprises (SME) --
|z Malaysia
|
| 651 |
0 |
0 |
|a Malaysia
|
| 999 |
|
|
|a CDR000982H
|b CD-ROM
|c AV Collection
|e Business Information Centre
|
| 999 |
|
|
|a CDR000981H
|b CD-ROM
|c AV Collection
|e Business Information Centre
|